Statistics for The vampire diaries

Click here to take the quiz!

General Stats

  • This quiz has been taken 1,015 times
  • The average score is 11 of 15

Answer Stats

HintAnswer% Correct
Who was formaly known as 'The Ripper'?Stefan Salvatore
92%
What was the name of Damon's next door cell mateEnzo
90%
Who was Elena's first boyfriend?Matt Donovan
88%
What is Katherine's last name?Pierce
87%
Who did Niklaus have a crush on?Caroline Forbes
83%
What is Elena's real blood relation to Jeremy?Cousin
78%
What was the name of the Original that was very loyal to his mother?Finn Mikaelson
78%
What is Katherine's birth name?Katerina Petrova
77%
What was the name of the first doppelganger?Amara
69%
What was the name of Damon's and Stefan's supposed uncle?Zach Salvatore
69%
Who turned Katherine into a vampire?Rose
67%
How did Tyler's mother die?Drowned
59%
Why did the Original 'Niklaus' need a doppelganger's blood?To Create Hybrids
51%
What was the name of the group/place where Damon was captured and tortured?Augustine
46%
What was melted with he white oak stake to make an indestructable one?Gilbert Ring
27%

Score Distribution

Percentile by Number Answered

Percent of People with Each Score

Your Score History

You have not taken this quiz